000 00262nam a2200097Ia 4500
001 967764
005 20250826220330.0
008 250824s9999 xx 000 0 und d
245 0 _aGELİŞTİREN ANNE BABA
_cDOĞAN CÜCELOĞLU
260 _bREMZİ KİTABEVİ YAYINLARI
999 _c967764
_d967764